| 000 | 00406nam a2200133Ia 4500 | ||
|---|---|---|---|
| 008 | 230524s9999 xx 000 0 und d | ||
| 020 | _a9.78818E+12 | ||
| 100 |
_aMohit Naryani _936658 |
||
| 245 | 0 | _a"Trust Me, It'''' ll Work: Best Humor Comes to the Fore in the Worst of Times" | |
| 260 | _bMahaveer Publishers | ||
| 500 | _aQuantity Number: 1 | ||
| 650 |
_aPersonality Development _936659 |
||
| 942 | _cBK | ||
| 999 |
_c50690 _d50690 |
||